| 000 | 00588nam a2200169 a 4500 | ||
|---|---|---|---|
| 005 | 20140412111259.0 | ||
| 008 | 010420s19uu xx 00 eng d | ||
| 020 | _a971-121-034-7 | ||
| 050 |
_aFil 959.9 _bVIL 1980 |
||
| 100 | _aVillanueva, Rene O. | ||
| 245 |
_aAng ating mga Ninuno : _bpagbalikan ang simula ng Lipunang Pilipino / _cby Rene O. Villanueva; illustrated by Arturo A. Cuvinar. |
||
| 260 |
_aManila, Philippines : _bAdarna Book Services, Inc, _c1980. |
||
| 300 | _a1v. (unp.) ; ill. | ||
| 440 | _aAklat Adarna Kasaysayan | ||
| 650 | _aPhilippine history | ||
| 999 |
_c103290 _d103290 |
||